ბათუმის შოთა რუსთაველის სახელმწიფო უნივერსიტეტის ბიბლიოთეკა

სამრეწველო ელექტრონიკა : ლექციების კონსპექტი / (ბიბ.ჩანაწერი № 39232)

000 -ლიდერი
ფიქსირებული სიგრძის საკონტროლო ველი 01154nam a2200229Ia 4500
001 - საკონტროლო ნომერი
საკონტროლო ველი 5818
003 - საკონტროლო ნომრის იდენტიფიკატორი
საკონტროლო ველი GE_BSU
005 - ბოლო ოპერაციის თარიღი და დრო
საკონტროლო ველი 20190628200041.0
008 - ფიქსირებული სიგრძის მონაცემთა ელემენტები - ზოგადი ინფორმაცია
ფიქსირებული სიგრძის საკონტროლო ველი 181216s1977|||| |||||||||||||| ||geo||
041 ## - ენის კოდი
Language code of text/sound track or separate title geo
080 ## - უნივერსალური ათობითი კლასიფიკაციის ინდექსი
Universal Decimal Classification number 621.38:62 ს-21
245 ## - ცნობა სათაურის შესახებ
Title სამრეწველო ელექტრონიკა : ლექციების კონსპექტი /
Statement of responsibility, etc შემდგ : ჯ.ბენდელიანი ; გ.დგებუაძე ; ზ.ესაკია და სხვ. რედ : ა კერესელიძე.
264 ## - წარმოების, გამოცემის, დისტრიბუციის და სხვა ცნობები
გამოცემის, წარმოების, დისტრიბუციის... ადგილი თბილისი :
გამოცემის, წარმოების, დისტრიბუციის... სახელწოდება სპი,
გამოცემის, წარმოების, დისტრიბუციის... თარიღი 1977.
300 ## - ფიზიკური აღწერა
Extent 123 გვ .:
Other physical details ნახაზ.
Dimensions 20 სმ
653 ## - INDEX TERM--UNCONTROLLED
Uncontrolled term სამრეწველო ელექტრონიკა
653 ## - INDEX TERM--UNCONTROLLED
Uncontrolled term ტექნიკა
700 ## - ADDED ENTRY--PERSONAL NAME
Personal name ბენდელიანი, ჯ
Relator term შემდგენელი
9 (RLIN) 2867
700 ## - ADDED ENTRY--PERSONAL NAME
Personal name დგებუაძე, გ
Relator term შემდგენელი
9 (RLIN) 3102
700 ## - ADDED ENTRY--PERSONAL NAME
Personal name ესაკია, ზ
Relator term შემდგენელი
9 (RLIN) 3103
700 ## - ADDED ENTRY--PERSONAL NAME
Personal name კერესელიძე, ა
Relator term რედაქტორი
9 (RLIN) 3104
942 ## - ADDED ENTRY ELEMENTS (KOHA)
Koha item type წიგნი
Source of classification or shelving scheme
ეგზემპლარები
ჩამოწერის სტატუსი დაკარგული ეგზემპლარის სტატუსი კლასიფიკაციის წყარო ან თაროზე გაწყობის სქემა დაზიანების სტატუსი არ გაიცემა მუდმივი მდებარეობა (დაცვის ადგილი) ამჟამინდელი ადგილსამყოფელი თაროზე განთავსების ადგილი შეძენის თარიღი ღირებულება, შესყიდვის ნორმალური ფასი სრული შენახვის შიფრი შტრიხკოდი ბოლო ოპერაციის თარიღი ეგზემპლარის მიმდევრობითი ნომერი (კეტერი?) ფასის ძალაში შესვლის თარიღი ეგზემპლარის სახეობა საჯარო შენიშვნა
          ტექნოლოგიური ფაკულტეტის ბიბლიოთეკა ტექნოლოგიური ფაკულტეტის ბიბლიოთეკა წიგნსაცავი 2018-12-17 0.00 621.38:62 ს-21 11130 2018-12-17 11130 2018-12-17 წიგნი 0,80 თ.